| 000 | 00612nam a2200229 a 4500 | ||
|---|---|---|---|
| 999 |
_c5731 _d5731 |
||
| 001 | 5731 | ||
| 003 | BD-JhCC | ||
| 005 | 20171220171123.0 | ||
| 008 | 171220s1961 u a|||| || | 001 0 eng d | ||
| 035 | _a(BD-JhCC)5731 | ||
| 040 |
_aBD-JhCC _dBD-JhCC |
||
| 041 | _aeng | ||
| 082 |
_a511 _bBRU 1961 |
||
| 245 |
_aReaching Number Goals / _cLeo J. Brueckner and Elda L. Merton |
||
| 260 |
_aNew York : _bHolt, Rinehart and Winston, Inc. _c1961 |
||
| 300 |
_a410 p. : _bill. ; _c23 cm. |
||
| 504 | _aIncludes Index | ||
| 650 | _aAirthmetic | ||
| 700 | _aGrossnckle, Foster E | ||
| 942 |
_2ddc _cBK |
||